01303nab a22002777a 4500003000400000005001700004008004100021040000700062100003300069245017000102260007300272300001400345500007500359505016900434505008900603650002900692650002600721650001900747650001200766650002500778650003400803650001500837650002800852650000900880773013600889OSt20260131194830.0190603e xxum|||| |||| 00| 0 spa d cPJ aRodríguez Pons, Leandro G.10aUna necesaria relectura del instituto de la suspensión de cobertura a la luz de la evolución tecnológica y los cambios normativos /cLeandro Rodríguez Pons.  cCiudad Autónoma de Buenos Aires :aThomson Reuters La Ley, b2025. ap. 91-103 aCita: TR LALEY AR/DOC/2870/2025 Publicado en: RCCyC 2025 (Diciembre). aSumario: I. Sobre la necesidad de una reinterpretación normativa.— II. Desarrollo.— III. Posibles salidas al conflicto normativo.— IV. Reflexiones finales.  t¿Te interesa el texto completo? Solicitalo al correo: koha@justierradelfuego.gov.ar 0aCODIGO CIVIL Y COMERCIAL 0aRESPONSABILIDAD CIVIL 0aLEY DE SEGUROS 0aSEGUROS 0aCOBERTURA DEL SEGURO 0aRESPONSABILIDAD DEL ASEGURADO 0aASEGURADOR 0aDERECHOS DEL CONSUMIDOR 0aMORA0 02713dCiudad Autónoma de Buenos Aires : Thomson Reuters La Ley, 2015-tRevista Código Civil y Comercial. Nº 6 - Diciembre 2025